Super pancake and the mini muffin mayhem, vol. 2 / (Record no. 412657)
[ view plain ]
| 000 -LEADER | |
|---|---|
| fixed length control field | 01648nam a2200361 4500 |
| 001 - CONTROL NUMBER | |
| control field | 2389117 |
| 003 - CONTROL NUMBER IDENTIFIER | |
| control field | IlBcCP |
| 005 - DATE AND TIME OF LATEST TRANSACTION | |
| control field | 20251021110748.0 |
| 008 - FIXED-LENGTH DATA ELEMENTS--GENERAL INFORMATION | |
| fixed length control field | 251021s2024 nyuab 000 1 eng |
| 020 ## - INTERNATIONAL STANDARD BOOK NUMBER | |
| International Standard Book Number | 1536486248 |
| 020 ## - INTERNATIONAL STANDARD BOOK NUMBER | |
| International Standard Book Number | 9780593378489 |
| 020 ## - INTERNATIONAL STANDARD BOOK NUMBER | |
| International Standard Book Number | 9780593378519 |
| 020 ## - INTERNATIONAL STANDARD BOOK NUMBER | |
| International Standard Book Number | 9781536486247 |
| 040 ## - CATALOGING SOURCE | |
| Transcribing agency | IlBcCP |
| 082 14 - DEWEY DECIMAL CLASSIFICATION NUMBER | |
| Classification number | 741.5 |
| Edition number | 23 |
| 100 1# - MAIN ENTRY--PERSONAL NAME | |
| Personal name | Lloyd, Megan Wagner. |
| 9 (RLIN) | 6415032 |
| 245 10 - TITLE STATEMENT | |
| Title | Super pancake and the mini muffin mayhem, vol. 2 / |
| Statement of responsibility, etc | Megan Wagner Lloyd ; illustrated by Abhi Alwar. |
| 260 ## - PUBLICATION, DISTRIBUTION, ETC. (IMPRINT) | |
| Place of publication, distribution, etc | New York, NY : |
| Name of publisher, distributor, etc | Alfred A. Knopf, |
| Date of publication, distribution, etc | 2024. |
| 300 ## - PHYSICAL DESCRIPTION | |
| Extent | 167 p. : |
| Other physical details | chiefly col. ill., col. map ; |
| Dimensions | 21 cm |
| 490 1# - SERIES STATEMENT | |
| Series statement | Super Pancake ; |
| Volume number/sequential designation | 2 |
| 520 ## - SUMMARY, ETC. | |
| Summary, etc | When we last saw our hero Peggy Pancake, she was mastering her newfound superhero abilities and saving her sidekick, Luc Croissant, from the scary clutches of Dr. Evil Breakfast Sandwich and his sinister Henchtoasts. Now, Peggy balances being a superhero with her everyday life--going to school and hiding her crime-fighting identity from her family. |
| 521 2# - TARGET AUDIENCE NOTE | |
| Target audience note | 1234 |
| Source | Libraria. |
| 521 8# - TARGET AUDIENCE NOTE | |
| Target audience note | GN 530 |
| Source | Lexile. |
| 521 8# - TARGET AUDIENCE NOTE | |
| Target audience note | R |
| Source | Fountas and Pinnell. |
| 526 8# - STUDY PROGRAM INFORMATION NOTE | |
| Program name | Accelerated Reader AR |
| Interest level | MG |
| Reading level | 2.5 |
| Title point value | 0.5 |
| Public note | 555831. |
| 650 #7 - SUBJECT ADDED ENTRY--TOPICAL TERM | |
| Topical term or geographic name as entry element | Babysitters and babysitting |
| Source of heading or term | sears |
| Form subdivision | Comic books, strips, etc. |
| 9 (RLIN) | 6553848 |
| 650 #7 - SUBJECT ADDED ENTRY--TOPICAL TERM | |
| Topical term or geographic name as entry element | Breakfasts |
| Source of heading or term | sears |
| Form subdivision | Comic books, strips, etc. |
| 9 (RLIN) | 6553910 |
| 650 #7 - SUBJECT ADDED ENTRY--TOPICAL TERM | |
| Topical term or geographic name as entry element | Pancakes, waffles, etc. |
| Source of heading or term | sears |
| Form subdivision | Comic books, strips, etc. |
| 9 (RLIN) | 6553911 |
| 650 #7 - SUBJECT ADDED ENTRY--TOPICAL TERM | |
| Topical term or geographic name as entry element | Superheroes |
| Source of heading or term | sears |
| Form subdivision | Comic books, strips, etc. |
| 9 (RLIN) | 5680220 |
| 700 1# - ADDED ENTRY--PERSONAL NAME | |
| Personal name | Alwar, Abhi, |
| Relator term | ill. |
| 9 (RLIN) | 6424918 |
| 800 1# - SERIES ADDED ENTRY--PERSONAL NAME | |
| Personal name | Lloyd, Megan Wagner. |
| Title of a work | Super Pancake ; |
| Volume/sequential designation | 2. |
| 9 (RLIN) | 6553912 |
| 949 ## - LOCAL PROCESSING INFORMATION (OCLC) | |
| h | 741.5 |
| i | Llo |
| 9 | 22.95 |
| Withdrawn status | Lost status | Source of classification or shelving scheme | Damaged status | Not for loan | Collection code | Home library | Current library | Shelving location | Date acquired | Source of acquisition | Serial Enumeration / chronology | Total Checkouts | Full call number | Barcode | Date last seen | Date checked out | Cost, replacement price | Price effective from | Koha item type |
|---|---|---|---|---|---|---|---|---|---|---|---|---|---|---|---|---|---|---|---|
| Dewey Decimal Classification | Junior Graphic Novels | Wasatch County Library | Wasatch County Library | First Floor | 11/14/2025 | Lee & Low Books | #2 Super Pancake | 1 | J GN Lloyd | 34301002172973 | 03/09/2026 | 03/04/2026 | 22.95 | 11/14/2025 | BOOK |
